So Long, London-Taylor Swift (All Lyrics) - Statistics

General Stats
  • This quiz has been taken 47 times
  • The average score is 288 of 346
Answer Stats
Lyrics % Correct
London
100%
(London)
100%
Long
100%
(Long)
100%
long,
100%
Long,
100%
my
100%
My
100%
So
100%
(So)
100%
I
96%
in
96%
a
92%
A
92%
and
92%
And
92%
be
92%
did
92%
Did
92%
find
92%
he
92%
how
92%
How
92%
me?
92%
me
92%
mind
92%
much
92%
sad
92%
saw
92%
someone...
92%
the
92%
The
92%
think
92%
Think
92%
to
92%
tragedy...
92%
tragedy?
92%
was
92%
when
92%
you
92%
You
92%
You'll
92%
all
88%
at
88%
but
88%
But
88%
fairy
88%
for
88%
For
88%
free
88%
go
88%
had
88%
Had
88%
I'm
88%
into
88%
it
88%
love
88%
no
88%
of
88%
on
88%
one
88%
that
88%
through
88%
us
88%
we
88%
back
83%
Cause
83%
Every
83%
great
83%
heard
83%
I'd
83%
if
83%
I'll
83%
Just
83%
just
83%
lights
83%
loved
83%
mist
83%
not
83%
Oh,
83%
place
83%
say
83%
Stitches
83%
there
83%
this
83%
were
83%
where
83%
your
83%
you're
83%
youth
83%
about
79%
affair
79%
altar
79%
as
79%
by
79%
color
79%
day
79%
died
79%
face
79%
feels
79%
friends
79%
from
79%
getting
79%
have
79%
hell
79%
it's
79%
like
79%
mad
79%
out
79%
she's
79%
sure
79%
things
79%
Two
79%
undone
79%
waiting
79%
wants
79%
with
79%
abandoned
75%
after
75%
air
75%
clues?
75%
come
75%
didn't
75%
down
75%
give
75%
gun
75%
Holding
75%
isn't
75%
man
75%
never
75%
said
75%
scared
75%
ship
75%
time
75%
up
75%
use
75%
away
71%
breath
71%
carrying
71%
club
71%
CPR,
71%
going
71%
gone,
71%
graves,
71%
hill
71%
him
71%
house
71%
knew,
71%
left
71%
off
71%
proof
71%
safe
71%
self-
71%
stopped
71%
would
71%
bones
67%
chill
67%
clothes,
67%
days
67%
drifting
67%
dying
67%
each
67%
good
67%
grip
67%
kept
67%
right
67%
spine
67%
spirit
67%
tight
67%
trying
67%
bluest
63%
carried
63%
caught
63%
drill
63%
let
63%
make
63%
odd
63%
opt
63%
pissed
63%
quiet
63%
rarest
63%
resentment
63%
rift
63%
run
63%
split
63%
swore
63%
Thinkin',
63%
Wet
63%
calm
58%
knuckle
58%
laugh
58%
low
58%
moment
58%
Pulled
58%
sacrificed
58%
tighter
58%
weary
58%
weight
58%
before
54%
Before
54%
founded
54%
Gods
54%
Heath
54%
implode
50%
sun
50%
warm
50%
white
50%
No matching quizzes found
Score Distribution
Percent of People with Each Score
Percentile by Number Answered
Your Score History
You have not taken this quiz